[Event "Moscow Chmp. b15 2016"]
[Site "ÐœÐ¾Ñ�ÐºÐ²Ð°"]
[Date "2016.11.18"]
[Round "7.7"]
[White "Tadevosjan, Melis"]
[Black "Dmitriev, Leonid"]
[Result "1-0"]
[WhiteElo "1828"]
[BlackElo "1734"]
[PlyCount "107"]
[EventDate "2016.11.12"]

1. d4 d5 2. c4 e6 3. Nc3 Nf6 4. cxd5 exd5 5. Bg5 Be7 6. e3 Ne4 7. Bxe7 Nxc3 8.
bxc3 Qxe7 9. Bd3 O-O 10. Qh5 f5 11. Qe2 Be6 12. Nf3 Nd7 13. O-O a6 14. a4 a5
15. Rfc1 Qd6 16. Nd2 Rf6 17. c4 Rh6 18. Nf1 c6 19. cxd5 Qxd5 20. Bc4 Qd6 21.
Rab1 b6 22. Qf3 Rb8 23. Qxf5 Rf6 24. Bxe6+ Qxe6 25. Qd3 Qa2 26. Qc2 Qxc2 27.
Rxc2 b5 28. axb5 cxb5 29. Rc7 Rd6 30. Ra7 a4 31. Nd2 Rd5 32. Ne4 Rc8 33. g3 Kf8
34. Ra5 Rb8 35. Nc3 Rd6 36. Rbxb5 Rxb5 37. Rxb5 Ra6 38. Rb1 Ke7 39. Ra1 Nb6 40.
Kf1 Kd6 41. Ke2 Ke6 42. Kd3 Kd6 43. e4 g5 44. f4 gxf4 45. gxf4 Ke6 46. f5+ Kf6
47. Nb5 h6 48. Kc3 Ra8 49. Kd3 h5 50. Nc3 Rc8 51. Rg1 Rb8 52. Rg6+ Kf7 53. Rc6
Nd7 {íå ïîíÿòíî} 54. Kc4 1-0

[Event "Moscow Chmp. b15 2016"]
[Site "ÐœÐ¾Ñ�ÐºÐ²Ð°"]
[Date "2016.11.18"]
[Round "7.8"]
[White "Plaksin, Igor"]
[Black "Zakirov, Artur"]
[Result "1/2-1/2"]
[WhiteElo "1712"]
[BlackElo "1824"]
[PlyCount "76"]
[EventDate "2016.11.12"]

1. e4 e5 2. Nf3 Nc6 3. Bb5 a6 4. Ba4 Nf6 5. O-O b5 6. Bb3 Be7 7. Re1 O-O 8. c3
d6 9. h3 Re8 10. a4 Bb7 11. d3 Na5 12. Bc2 c5 13. Nbd2 Bf8 14. Nf1 g6 15. Ng3
Bg7 16. Be3 c4 17. axb5 axb5 18. d4 d5 19. dxe5 Nxe4 20. Bd4 Nxg3 21. fxg3 Nc6
22. g4 Rxa1 23. Qxa1 Nxd4 24. cxd4 Qb6 25. Qd1 Bc6 26. Kh1 b4 27. Qd2 Qa5 28.
g5 c3 29. Qf2 b3 30. Bxb3 Rb8 31. Qc2 Qb4 32. Bxd5 Bxd5 33. bxc3 Qb3 34. Qxb3
Rxb3 35. Rc1 Kf8 36. Kg1 h6 37. Kf2 hxg5 38. h4 gxh4 {íå ïîíÿòíî} 1/2-1/2

[Event "Moscow Chmp. b15 2016"]
[Site "ÐœÐ¾Ñ�ÐºÐ²Ð°"]
[Date "2016.11.18"]
[Round "7.9"]
[White "Gagarin, Vasily"]
[Black "Plaksin, Daniil"]
[Result "1-0"]
[WhiteElo "1913"]
[BlackElo "1681"]
[PlyCount "34"]
[EventDate "2016.11.12"]

1. e4 c5 2. b3 Nc6 3. Bb2 Nf6 4. e5 Nd5 5. Bc4 Nb6 6. Nf3 d6 7. exd6 Qxd6 8. d4
cxd4 9. Nxd4 Bd7 10. Be2 e5 11. Nb5 Qxd1+ 12. Bxd1 Bb4+ 13. N1c3 O-O 14. a3 a6
15. Nc7 Bxc3+ 16. Bxc3 Rac8 17. Nd5 Nxd5 {íå ïîíÿòíî} 1-0

[Event "Moscow Chmp. b15 2016"]
[Site "ÐœÐ¾Ñ�ÐºÐ²Ð°"]
[Date "2016.11.18"]
[Round "7.10"]
[White "Gavrilov, Victor"]
[Black "Talalov, Anton"]
[Result "1-0"]
[WhiteElo "1795"]
[BlackElo "1709"]
[PlyCount "89"]
[EventDate "2016.11.12"]

1. d4 d5 2. Nc3 Nf6 3. Bg5 Nbd7 4. Nf3 e6 5. e4 dxe4 6. Nxe4 Be7 7. Bxf6 Nxf6
8. Nxf6+ Bxf6 9. c3 O-O 10. Bd3 b6 11. Qc2 h6 12. Be4 Rb8 13. O-O Bb7 14. Rad1
Bxe4 15. Qxe4 Qd5 16. Qxd5 exd5 17. Rfe1 Rfe8 18. Kf1 Kf8 19. Rxe8+ Rxe8 20.
Re1 Rxe1+ 21. Kxe1 Ke7 22. b4 Kd6 23. Ke2 c5 24. Kd3 cxb4 25. cxb4 a6 26. a4 b5
27. a5 Ke6 28. Nd2 Be7 29. Ke3 Bh4 30. g3 Be7 31. Nb3 Bf8 32. Nc5+ Bxc5 33.
dxc5 Ke5 34. f4+ Ke6 35. Kd4 f5 36. c6 Kd6 37. c7 Kxc7 38. Kxd5 g6 39. Ke5 Kc6
40. Ke6 h5 41. h4 Kc7 42. Kf6 Kd6 43. Kxg6 Kd5 44. Kxf5 Kc4 45. Kg6 1-0

[Event "Moscow Chmp. b15 2016"]
[Site "ÐœÐ¾Ñ�ÐºÐ²Ð°"]
[Date "2016.11.18"]
[Round "7.11"]
[White "Ivanov-Chernets, Kirill"]
[Black "Belikov, Semen"]
[Result "1/2-1/2"]
[WhiteElo "1538"]
[BlackElo "1750"]
[PlyCount "57"]
[EventDate "2016.11.12"]

1. d4 Nf6 2. Nf3 g6 3. g3 Bg7 4. Bg2 O-O 5. O-O d6 6. c4 Nbd7 7. Nc3 c5 8. e4
cxd4 9. Nxd4 Ne5 10. b3 Bd7 11. h3 Nc6 12. Be3 Ne8 13. Rc1 a6 14. Qd2 Nf6 15.
Rfd1 Qc8 16. Kh2 Nxd4 17. Bxd4 Bc6 18. Qe2 Re8 19. Nd5 Bxd5 20. exd5 Qd7 21. b4
a5 22. c5 axb4 23. c6 bxc6 24. dxc6 Qc7 25. Qd2 Red8 26. Rb1 d5 27. Bxf6 Bxf6
28. Bxd5 Bc3 29. Qe2 {íå ïîíÿòíî} 1/2-1/2

[Event "Moscow Chmp. b15 2016"]
[Site "ÐœÐ¾Ñ�ÐºÐ²Ð°"]
[Date "2016.11.18"]
[Round "7.12"]
[White "Pontis, Stanislav"]
[Black "Sekoyan, Vachagan"]
[Result "0-1"]
[WhiteElo "1661"]
[BlackElo "1655"]
[PlyCount "74"]
[EventDate "2016.11.12"]

1. e4 g6 2. d4 Bg7 3. Nc3 c6 4. f4 d5 5. e5 h5 6. Bd3 Bg4 7. Nf3 e6 8. h3 Bxf3
9. Qxf3 h4 10. Be3 Nd7 11. Bf2 Nh6 12. O-O-O Bf8 13. Ne2 Qa5 14. a3 b5 15. c3
Be7 16. Kd2 Nb6 17. Ra1 Nc4+ 18. Kc2 Qc7 19. b4 a5 20. Bxc4 bxc4 21. Rhb1 Kd7
22. g4 hxg3 23. Nxg3 Nf5 24. Nxf5 exf5 25. Bg3 Ke6 26. Bf2 Ra7 27. Qh1 axb4 28.
axb4 Rha8 29. Kb2 Qb7 30. h4 Bxb4 31. Kc2 Ra2+ 32. Rxa2 Rxa2+ 33. Rb2 Rxb2+ 34.
Kxb2 Ba3+ 35. Kc2 Qb2+ 36. Kd1 Qc1+ 37. Ke2 Qxh1 0-1

[Event "Moscow Chmp. b15 2016"]
[Site "ÐœÐ¾Ñ�ÐºÐ²Ð°"]
[Date "2016.11.18"]
[Round "7.13"]
[White "Gornostaev, Yakov"]
[Black "Zhukov, Anton"]
[Result "0-1"]
[WhiteElo "1496"]
[BlackElo "1959"]
[PlyCount "62"]
[EventDate "2016.11.12"]

1. d4 f5 2. c4 Nf6 3. Nc3 d6 4. Nf3 g6 5. Bg5 Bg7 6. e3 O-O 7. Bd3 c6 8. Qc2
Nbd7 9. h4 e5 10. dxe5 dxe5 11. e4 h6 12. Bxf6 Qxf6 13. O-O-O Nc5 14. Ne1 Be6
15. b3 Rad8 16. f3 a5 17. Be2 Rxd1+ 18. Bxd1 Rd8 19. Be2 fxe4 20. Nxe4 Qf4+ 21.
Kb1 Nxe4 22. fxe4 Rd2 23. Nd3 Qe3 24. Qc3 Qxe2 25. Nc5 Bg4 26. Nxb7 Qxe4+ 27.
Ka1 Qd4 28. Qxd4 exd4 29. Nxa5 d3+ 30. Kb1 Rb2+ 31. Ka1 Rxb3# 0-1

[Event "Moscow Chmp. b15 2016"]
[Site "ÐœÐ¾Ñ�ÐºÐ²Ð°"]
[Date "2016.11.18"]
[Round "7.14"]
[White "Lukyanenko, Artemiy"]
[Black "Zhuk, Kirill"]
[Result "1-0"]
[WhiteElo "1686"]
[BlackElo "1548"]
[PlyCount "50"]
[EventDate "2016.11.12"]

1. d4 d5 2. Nf3 Nf6 3. c4 e6 4. e3 dxc4 5. Be2 Nc6 6. Qa4 Bb4+ 7. Bd2 Nd5 8.
Bxb4 Ndxb4 9. O-O O-O 10. a3 Nd5 11. Qxc4 Rb8 12. e4 Nde7 13. Nc3 b5 14. Nxb5
Ba6 15. a4 Na5 16. Qc3 c6 17. Rfd1 cxb5 18. axb5 Rxb5 19. b4 Qb8 20. Rxa5 Rxa5
21. bxa5 Rc8 22. Qa3 Nc6 23. Bf1 Bxf1 24. Rxf1 Qb5 25. Rc1 Ne7 1-0

[Event "Moscow Chmp. b15 2016"]
[Site "ÐœÐ¾Ñ�ÐºÐ²Ð°"]
[Date "2016.11.18"]
[Round "7.16"]
[White "Kozhukhov, Aleksandr"]
[Black "Agabekov, Saveliy"]
[Result "1/2-1/2"]
[WhiteElo "1634"]
[BlackElo "1539"]
[PlyCount "58"]
[EventDate "2016.11.12"]

1. d4 Nf6 2. c4 d6 3. Nc3 Nbd7 4. Nf3 e5 5. g3 Be7 6. Bg2 O-O 7. O-O c6 8. e4
a6 9. a4 a5 10. b3 Re8 11. Qc2 exd4 12. Nxd4 Nc5 13. h3 Bf8 14. Bb2 Qb6 15.
Rad1 Na6 16. Rfe1 Nb4 17. Qd2 Nd7 18. Ba1 Nc5 19. Na2 Nbd3 20. Re3 Ne5 21. f4
Ned7 22. Qb2 Nf6 23. Nc3 Ne6 24. Nce2 g6 25. Kh2 Bg7 26. Qd2 Nc5 27. Qc2 Ne6
28. Qd2 Nc5 29. Qc2 Ne6 1/2-1/2

[Event "Moscow Chmp. b15 2016"]
[Site "ÐœÐ¾Ñ�ÐºÐ²Ð°"]
[Date "2016.11.18"]
[Round "7.18"]
[White "Orlov, Aleksandr"]
[Black "Ivlev, Aleksandr"]
[Result "0-1"]
[WhiteElo "1449"]
[BlackElo "1612"]
[PlyCount "78"]
[EventDate "2016.11.12"]

1. d4 d5 2. Nf3 Bf5 3. c4 e6 4. Nc3 Nf6 5. Bg5 Be7 6. e3 h6 7. Bh4 O-O 8. Qb3
dxc4 9. Bxc4 b6 10. O-O Nbd7 11. Rfe1 Ne4 12. Bxe7 Qxe7 13. Nxe4 Bxe4 14. Nd2
Bb7 15. Be2 c5 16. Bf3 Bxf3 17. Nxf3 e5 18. Rad1 e4 19. Nd2 Rfd8 20. Nf1 Rac8
21. Ng3 Nf6 22. h3 g6 23. Qa4 h5 24. h4 c4 25. Rc1 Ng4 26. Rxc4 Qxh4 27. Qc2
Qh2+ 28. Kf1 Rxc4 29. Qxc4 h4 30. Nxe4 Qh1+ 31. Ke2 Qxg2 32. Qc6 h3 33. Nf6+
Nxf6 34. Qxf6 Rc8 35. Kd1 Qg4+ 36. f3 Qg2 37. Re2 Qf1+ 38. Re1 Qg2 39. e4 Qc2#
0-1

[Event "Moscow Chmp. b15 2016"]
[Site "ÐœÐ¾Ñ�ÐºÐ²Ð°"]
[Date "2016.11.18"]
[Round "7.19"]
[White "Sharapov, Mihail"]
[Black "Maksimenko, Arseniy"]
[Result "1-0"]
[WhiteElo "1564"]
[BlackElo "1603"]
[PlyCount "28"]
[EventDate "2016.11.12"]

1. d4 Nf6 2. Nf3 g6 3. Bf4 Bg7 4. e3 O-O 5. h3 d6 6. Be2 Nc6 7. c3 Nd7 8. O-O
e5 9. Bh2 Nb6 10. Qc2 Re8 11. a4 a5 12. Bb5 Bd7 13. Rd1 Qe7 14. Ra3 f5 {
íå ïîíÿòíî} 1-0

[Event "Moscow Chmp. b15 2016"]
[Site "ÐœÐ¾Ñ�ÐºÐ²Ð°"]
[Date "2016.11.18"]
[Round "7.20"]
[White "Sakhin, Leonid"]
[Black "Bregman, Ilya"]
[Result "1/2-1/2"]
[WhiteElo "1563"]
[BlackElo "1835"]
[PlyCount "114"]
[EventDate "2016.11.12"]

1. e4 e6 2. d4 d5 3. exd5 exd5 4. Nf3 Nf6 5. Bd3 Bg4 6. O-O Be7 7. Bg5 O-O 8.
Nbd2 Nc6 9. c3 h6 10. Bh4 Re8 11. Qc2 Ne4 12. Bxe7 Qxe7 13. Rfe1 f5 14. Qb3 Qe6
15. Qc2 Qd6 16. h3 Bh5 17. Re3 Re7 18. Rae1 Rae8 19. Ra1 Nxd2 20. Qxd2 Rxe3 21.
fxe3 Bxf3 22. gxf3 Qg3+ 23. Qg2 Qxg2+ 24. Kxg2 Rxe3 25. Bxf5 Ne7 26. Bg4 Re2+
27. Kg3 Rxb2 28. Re1 Kf8 29. a4 Ra2 30. Bd7 Rc2 31. Re3 a6 32. Rd3 Rb2 33. Re3
b5 34. axb5 axb5 35. Re6 Rb3 36. Ra6 Rxc3 37. Be6 g6 38. Kf4 Rc6 39. Rxc6 Nxc6
40. Bxd5 Nxd4 41. Ke5 Ne2 42. Be4 Kg7 43. Bd3 Ng1 44. Bxb5 Nxf3+ 45. Kd5 Kf6
46. Bd7 Kg5 47. Be8 Kf5 48. Kc6 Ng1 49. Kxc7 g5 50. Bd7+ Kf4 51. Kd6 Kg3 52.
Ke5 Nxh3 53. Kf6 h5 54. Kg6 h4 55. Kh5 Kh2 56. Bc8 Kg3 57. Bd7 Kh2 1/2-1/2

[Event "Moscow Chmp. b15 2016"]
[Site "ÐœÐ¾Ñ�ÐºÐ²Ð°"]
[Date "2016.11.18"]
[Round "7.21"]
[White "Balashov, Egor"]
[Black "Abduraimov, Esmet"]
[Result "0-1"]
[WhiteElo "1769"]
[BlackElo "1687"]
[PlyCount "66"]
[EventDate "2016.11.12"]

1. d4 Nf6 2. Nf3 g6 3. Bg5 Bg7 4. c3 O-O 5. Nbd2 d5 6. e3 h6 7. Bh4 Bf5 8. Be2
Nbd7 9. O-O c5 10. b4 c4 11. a4 a5 12. Ne5 Ne4 13. Nxe4 Bxe4 14. Nxd7 Qxd7 15.
f3 Bd3 16. Bxd3 cxd3 17. b5 Rac8 18. Qxd3 Rc4 19. Bg3 Rfc8 20. Rfc1 b6 21. Kf2
e6 22. Ke2 Bf8 23. Kd2 Bd6 24. Bxd6 Qxd6 25. g3 Qc7 26. Ra3 Qd6 27. Rca1 Qc7
28. Kc2 Kg7 29. Rc1 f5 30. Kb3 Kf6 31. Ra2 Rb4+ 32. Ka3 Qd6 33. Qc2 Rxb5# 0-1

[Event "Moscow Chmp. b15 2016"]
[Site "ÐœÐ¾Ñ�ÐºÐ²Ð°"]
[Date "2016.11.18"]
[Round "7.24"]
[White "Presnyakov, Oleg"]
[Black "Vinokur, Leonid"]
[Result "1/2-1/2"]
[WhiteElo "1370"]
[BlackElo "1594"]
[PlyCount "74"]
[EventDate "2016.11.12"]

1. e4 e6 2. d4 d5 3. Nc3 Bb4 4. exd5 exd5 5. Bd3 c5 6. a3 Bxc3+ 7. bxc3 c4 8.
Be2 Nf6 9. Bg5 h6 10. Bh4 Be6 11. Nf3 Nbd7 12. Ne5 Qa5 13. O-O Ne4 14. Nxd7
Bxd7 15. Bf3 Qxc3 16. Bxe4 dxe4 17. Re1 Bf5 18. f3 e3 19. Qc1 Qxd4 20. Rxe3+
Be6 21. Bf2 Qf6 22. Rb1 b6 23. Qe1 O-O 24. Bh4 Qf5 25. Re4 Qc5+ 26. Re3 Bf5 27.
Bf2 Bxc2 28. Rc1 Qf5 29. Re5 Qg6 30. Qd2 Bd3 31. Rce1 Rac8 32. Bd4 Rfd8 33. Bc3
f6 34. Re7 Bf5 35. Qb2 Bd7 36. R7e4 b5 37. Bd4 Bf5 {íå ïîíÿòíî} 1/2-1/2

[Event "Moscow Chmp. b15 2016"]
[Site "ÐœÐ¾Ñ�ÐºÐ²Ð°"]
[Date "2016.11.18"]
[Round "7.26"]
[White "Ajrapetov, Andrey"]
[Black "Nikulshin, Alexey"]
[Result "1-0"]
[WhiteElo "1499"]
[BlackElo "1348"]
[PlyCount "79"]
[EventDate "2016.11.12"]

1. d4 e6 2. c4 d5 3. Nc3 Nf6 4. cxd5 exd5 5. Bg5 Nbd7 6. e3 Be7 7. Bd3 O-O 8.
Nge2 b6 9. O-O Bb7 10. Qc2 c5 11. f3 h6 12. Bh4 Re8 13. Bf2 Rc8 14. Rad1 a6 15.
a4 Qc7 16. Qd2 Bd6 17. Kh1 Rcd8 18. Rc1 Qb8 19. Rfd1 cxd4 20. Nxd4 Bxh2 21. f4
Ng4 22. Bf5 Ndf6 23. Nf3 Nxf2+ 24. Qxf2 Bxf4 25. exf4 Qxf4 26. Bb1 d4 27. Ne2
Qe3 28. Qxe3 dxe3 29. Ba2 Ng4 30. Kg1 Nf2 31. Rxd8 Rxd8 32. Bxf7+ Kf8 33. Nfd4
Rd7 34. Bh5 Be4 35. Rc8+ Ke7 36. Re8+ Kf6 37. Re6+ Kg5 38. Bf3 Bxf3 39. gxf3
Nh3+ 40. Kh2 1-0

[Event "Moscow Chmp. b15 2016"]
[Site "ÐœÐ¾Ñ�ÐºÐ²Ð°"]
[Date "2016.11.18"]
[Round "7.27"]
[White "Nikolaev, Daniil"]
[Black "Khuranov, Aynar"]
[Result "1-0"]
[WhiteElo "1705"]
[BlackElo "1440"]
[PlyCount "22"]
[EventDate "2016.11.12"]

1. e4 e6 2. d4 d5 3. Nc3 Nf6 4. Bg5 Be7 5. e5 Nfd7 6. h4 Bxg5 7. hxg5 Qxg5 8.
Nh3 Qe7 9. Qg4 f6 10. f4 c6 11. O-O-O b6 {íå ïîíÿòíî} 1-0

[Event "Moscow Chmp. b15 2016"]
[Site "ÐœÐ¾Ñ�ÐºÐ²Ð°"]
[Date "2016.11.18"]
[Round "7.28"]
[White "Ivanov, Egor"]
[Black "Ivanov, Ilya"]
[Result "1-0"]
[WhiteElo "1354"]
[BlackElo "1628"]
[PlyCount "49"]
[EventDate "2016.11.12"]

1. d4 e6 2. Nf3 d5 3. Bf4 Nf6 4. e3 Be7 5. Bd3 O-O 6. Nbd2 c5 7. c3 Nc6 8. Ne5
Bd6 9. Ndf3 Qc7 10. h3 Ne4 11. g4 f6 12. Nxc6 bxc6 13. Bxd6 Qxd6 14. Qc2 cxd4
15. exd4 Qf4 16. Qe2 f5 17. gxf5 exf5 18. Qe3 Qxe3+ 19. fxe3 Rb8 20. Rb1 Nxc3
21. bxc3 Ba6 22. Kd2 Bb7 23. Ne5 Rfd8 24. Bxf5 c5 25. Be6+ 1-0

[Event "Moscow Chmp. b15 2016"]
[Site "ÐœÐ¾Ñ�ÐºÐ²Ð°"]
[Date "2016.11.18"]
[Round "7.29"]
[White "Pavlov, Ivan"]
[Black "Sorokin, Mikhael"]
[Result "1/2-1/2"]
[WhiteElo "1393"]
[BlackElo "1398"]
[PlyCount "32"]
[EventDate "2016.11.12"]

1. e4 e6 2. d4 d5 3. exd5 exd5 4. Bd3 Be6 5. Ne2 Nf6 6. Bg5 Nbd7 7. Nbc3 Be7 8.
Qd2 c6 9. O-O-O h6 10. Bh4 O-O 11. f3 a5 12. g4 Ne8 13. Bxe7 Qxe7 14. h4 Nd6
15. g5 hxg5 16. hxg5 g6 {íå ïîíÿòíî} 1/2-1/2

[Event "Moscow Chmp. b15 2016"]
[Site "ÐœÐ¾Ñ�ÐºÐ²Ð°"]
[Date "2016.11.19"]
[Round "8.7"]
[White "Zakirov, Artur"]
[Black "Fedorov, Nikita"]
[Result "1-0"]
[WhiteElo "1824"]
[BlackElo "1744"]
[PlyCount "97"]
[EventDate "2016.11.12"]

1. e4 c5 2. Nf3 e6 3. d4 cxd4 4. Nxd4 a6 5. Bd3 Qc7 6. O-O d6 7. c4 Nf6 8. Nc3
Be7 9. Be3 O-O 10. f4 Bd7 11. h3 Nc6 12. Nc2 Na5 13. Qe2 Rac8 14. b3 d5 15.
exd5 exd5 16. Nxd5 Nxd5 17. cxd5 b5 18. Bd4 Bd6 19. Qh5 h6 20. Rf3 Bc5 21. Qe5
Bxd4+ 22. Nxd4 Qc5 23. Rg3 f6 24. Qe4 f5 25. Qe5 Rf7 26. b4 Qxb4 27. Nxf5 Bxf5
28. Bxf5 Qc5+ 29. Kh2 Re7 30. Be6+ Kh8 31. Qf5 Rce8 32. Qg6 Rf8 33. Bf5 Rxf5
34. Qxf5 Rc7 35. Re1 Rc8 36. Qe5 Rg8 37. Rg6 Kh7 38. Qf5 Kh8 39. Qh5 Rf8 40.
Qe5 Rf7 41. Qe8+ Rf8 42. Qe5 Rf7 43. Rxh6+ Kg8 44. Qe8+ Rf8 45. Qe6+ Rf7 46.
Rh8+ Kxh8 47. Qxf7 Qf2 48. Qh5+ Kg8 49. Re8# 1-0

[Event "Moscow Chmp. b15 2016"]
[Site "ÐœÐ¾Ñ�ÐºÐ²Ð°"]
[Date "2016.11.19"]
[Round "8.8"]
[White "Sekoyan, Vachagan"]
[Black "Kretov, Leonid"]
[Result "1/2-1/2"]
[WhiteElo "1655"]
[BlackElo "1789"]
[PlyCount "74"]
[EventDate "2016.11.12"]

1. d4 d5 2. c4 e6 3. Nc3 c6 4. cxd5 cxd5 5. Nf3 Nc6 6. Bf4 a6 7. a3 Nf6 8. e3
Be7 9. Bd3 O-O 10. O-O Bd7 11. Ne5 Rc8 12. Qe2 Ne8 13. Nxc6 Bxc6 14. Rac1 Nd6
15. Qh5 f5 16. Bxd6 Bxd6 17. f4 Be8 18. Qe2 g5 19. g3 Kh8 20. Qf2 Rc7 21. Ne2
Bh5 22. Rxc7 Bxc7 23. fxg5 Bxe2 24. Bxe2 Qxg5 25. Kh1 Bb6 26. Qf4 Qxf4 27. gxf4
Kg7 28. Kg2 Rc8 29. Bd3 Kf6 30. Kf3 Bd8 31. Rg1 Kf7 32. Rf1 Be7 33. Rg1 Bd6 34.
Kf2 Be7 35. Kf3 Bd6 36. Kf2 Be7 37. Kf3 Bd6 1/2-1/2

[Event "Moscow Chmp. b15 2016"]
[Site "ÐœÐ¾Ñ�ÐºÐ²Ð°"]
[Date "2016.11.19"]
[Round "8.9"]
[White "Zhukov, Anton"]
[Black "Plaksin, Igor"]
[Result "1-0"]
[WhiteElo "1959"]
[BlackElo "1712"]
[PlyCount "55"]
[EventDate "2016.11.12"]

1. d4 Nf6 2. Bf4 e6 3. e3 b6 4. Nf3 Bb7 5. h3 Be7 6. Nbd2 O-O 7. Bd3 d5 8. O-O
Nbd7 9. c3 c5 10. Rc1 c4 11. Bb1 b5 12. Qe2 Ne4 13. Nxe4 dxe4 14. Nd2 Nf6 15.
Bg5 Qa5 16. Bxf6 gxf6 17. Nxe4 f5 18. Ng3 Bh4 19. Qh5 Qd8 20. e4 f4 21. Ne2 Bg5
22. Qf3 Qf6 23. g3 fxg3 24. Qxf6 Bxf6 25. fxg3 Bg5 26. Rcd1 a6 27. Nf4 Ra7 {
íå ïîíÿòíî} 28. Nh5 1-0

[Event "Moscow Chmp. b15 2016"]
[Site "ÐœÐ¾Ñ�ÐºÐ²Ð°"]
[Date "2016.11.19"]
[Round "8.11"]
[White "Dmitriev, Leonid"]
[Black "Ivlev, Aleksandr"]
[Result "0-1"]
[WhiteElo "1734"]
[BlackElo "1612"]
[PlyCount "25"]
[EventDate "2016.11.12"]

1. d4 Nf6 2. c4 e6 3. Nc3 Be7 4. g3 d5 5. Bg2 c6 6. Nf3 O-O 7. O-O Nbd7 8. Nd2
Nb6 9. c5 Nbd7 10. Rb1 e5 11. e3 e4 12. f3 exf3 13. Qxf3 {íå ïîíÿòíî} 0-1

[Event "Moscow Chmp. b15 2016"]
[Site "ÐœÐ¾Ñ�ÐºÐ²Ð°"]
[Date "2016.11.19"]
[Round "8.12"]
[White "Ivanov-Chernets, Kirill"]
[Black "Kuzmishin, Leonid"]
[Result "1/2-1/2"]
[WhiteElo "1538"]
[BlackElo "1733"]
[PlyCount "74"]
[EventDate "2016.11.12"]

1. e4 e6 2. d4 d5 3. e5 c5 4. c3 Ne7 5. Nf3 Nec6 6. Bd3 b6 7. O-O Ba6 8. Bg5
Qd7 9. Bxa6 Nxa6 10. Qe2 Nc7 11. Rd1 c4 12. b3 b5 13. a4 a6 14. Nbd2 h6 15. Bh4
Be7 16. a5 Qd8 17. Bxe7 Qxe7 18. b4 O-O-O 19. Nf1 g5 20. Ne3 h5 21. Kf1 f5 22.
Ke1 Rdf8 23. Kd2 f4 24. Nf1 g4 25. Ng1 Qg5 26. f3 Rhg8 27. fxg4 f3+ 28. Qe3
fxg2 29. Qxg5 Rxg5 30. Ne3 hxg4 31. Ne2 Rh8 32. Rg1 Rxh2 33. Rxg2 Rxg2 34. Nxg2
Ne7 35. Nef4 Nf5 36. Rh1 g3 37. Rg1 Kd7 {íå ïîíÿòíî} 1/2-1/2

[Event "Moscow Chmp. b15 2016"]
[Site "ÐœÐ¾Ñ�ÐºÐ²Ð°"]
[Date "2016.11.19"]
[Round "8.13"]
[White "Sharapov, Mihail"]
[Black "Lukyanenko, Artemiy"]
[Result "0-1"]
[WhiteElo "1564"]
[BlackElo "1686"]
[PlyCount "46"]
[EventDate "2016.11.12"]

1. d4 d6 2. Nf3 g6 3. Bf4 Bg7 4. e3 Nd7 5. h3 e5 6. Bh2 Ne7 7. Be2 O-O 8. O-O
c6 9. c3 Qb6 10. Qb3 Qxb3 11. axb3 f5 12. Re1 Re8 13. Na3 e4 14. Nd2 d5 15. c4
Nf6 16. Nc2 Be6 17. b4 dxc4 18. Bxc4 Nfd5 19. b5 cxb5 20. Bxb5 Rec8 21. Rec1 a6
22. Bc4 Bf8 23. Be5 Bd7 {íå ïîíÿòíî} 0-1

[Event "Moscow Chmp. b15 2016"]
[Site "ÐœÐ¾Ñ�ÐºÐ²Ð°"]
[Date "2016.11.19"]
[Round "8.14"]
[White "Talalov, Anton"]
[Black "Kozhukhov, Aleksandr"]
[Result "1-0"]
[WhiteElo "1709"]
[BlackElo "1634"]
[PlyCount "73"]
[EventDate "2016.11.12"]

1. e4 c5 2. Nf3 d6 3. d4 cxd4 4. Nxd4 Nf6 5. f3 g6 6. c4 Bg7 7. Be3 O-O 8. Nc3
Nc6 9. Be2 Be6 10. O-O Rc8 11. Nd5 Ne5 12. Rc1 Bxd5 13. cxd5 Qa5 14. Qb3 Ned7
15. a3 Nc5 16. Qa2 Qd8 17. b4 Ncd7 18. Nb3 Rxc1 19. Rxc1 Qb8 20. Qc2 Ne8 21.
Qc8 Qxc8 22. Rxc8 Bb2 23. a4 a6 24. Na5 Nef6 25. Rxf8+ Kxf8 26. Nxb7 Bc3 27.
Bxa6 Bxb4 28. Bb5 Nb8 29. a5 Ne8 30. a6 Nc7 31. a7 Nd7 32. Bxd7 e5 33. Bb6 Na8
34. Bd8 Bc3 35. Nxd6 Bd4+ 36. Kf1 Bxa7 37. Nb5 1-0

[Event "Moscow Chmp. b15 2016"]
[Site "ÐœÐ¾Ñ�ÐºÐ²Ð°"]
[Date "2016.11.19"]
[Round "8.15"]
[White "Abduraimov, Esmet"]
[Black "Makhauri, Eli"]
[Result "1-0"]
[WhiteElo "1687"]
[BlackElo "1596"]
[PlyCount "106"]
[EventDate "2016.11.12"]

1. e4 c6 2. c4 e5 3. Nf3 d6 4. d4 Nd7 5. Nc3 Ngf6 6. Be3 Be7 7. g3 O-O 8. Bg2
a6 9. d5 c5 10. O-O Re8 11. Nd2 Nf8 12. h3 Ng6 13. a3 Bd7 14. f4 exf4 15. gxf4
Qc7 16. b4 b6 17. Kh2 Rab8 18. Rg1 Kh8 19. Bf3 Bf8 20. Qe1 cxb4 21. axb4 Qc8
22. Qg3 b5 23. Bd4 Ng8 24. h4 f6 25. h5 N6e7 26. c5 Nh6 27. cxd6 Nef5 28. exf5
Nxf5 29. Qf2 Bxd6 30. Bg4 Nxd4 31. Bxd7 Qxd7 32. Qxd4 Qf5 33. Rad1 Qxh5+ 34.
Kg3 Qg5+ 35. Kf3 Qh5+ 36. Rg4 Rb7 37. Kg3 f5 38. Rh4 Qg6+ 39. Kh3 Rbe7 40. Rg1
Re3+ 41. Kh2 Qf7 42. Rg3 Rxg3 43. Kxg3 Be7 44. Rh3 Bf6 45. Qd3 Qg6+ 46. Kf2 Qg4
47. Ne2 g5 48. Rg3 Qh5 49. fxg5 Bxg5 50. Qd4+ Kg8 51. Nf3 h6 52. Nf4 Qh1 53.
Ne6 Re7 1-0

[Event "Moscow Chmp. b15 2016"]
[Site "ÐœÐ¾Ñ�ÐºÐ²Ð°"]
[Date "2016.11.19"]
[Round "8.16"]
[White "Agabekov, Saveliy"]
[Black "Plaksin, Daniil"]
[Result "1-0"]
[WhiteElo "1539"]
[BlackElo "1681"]
[PlyCount "71"]
[EventDate "2016.11.12"]

1. e4 c5 2. Nf3 Nc6 3. Bb5 e6 4. Bxc6 bxc6 5. d3 d5 6. Nbd2 Qc7 7. c4 Nf6 8.
Qc2 Be7 9. O-O O-O 10. Re1 a5 11. h3 Ba6 12. Nf1 Rae8 13. Ng3 Nd7 14. Nh5 g6
15. Ng3 Bf6 16. Bd2 Ne5 17. Nxe5 Bxe5 18. Ne2 Rd8 19. Bc3 d4 20. Bd2 Bg7 21.
Bf4 e5 22. Bd2 Bc8 23. Ng3 h5 24. Qc1 Rfe8 25. h4 Qe7 26. Bg5 f6 27. Bd2 Qf7
28. Qd1 Be6 29. Qe2 Bg4 30. f3 Be6 31. Qf2 Kh7 32. Ne2 Bh6 33. Bxh6 Kxh6 34. f4
f5 35. Ng3 fxe4 36. Nxe4 {íå ïîíÿòíî} 1-0

[Event "Moscow Chmp. b15 2016"]
[Site "ÐœÐ¾Ñ�ÐºÐ²Ð°"]
[Date "2016.11.19"]
[Round "8.19"]
[White "Zhuk, Kirill"]
[Black "Pontis, Stanislav"]
[Result "0-1"]
[WhiteElo "1548"]
[BlackElo "1661"]
[PlyCount "104"]
[EventDate "2016.11.12"]

1. e4 c5 2. Nf3 Nc6 3. d4 cxd4 4. Nxd4 e5 5. Nb5 a6 6. Nd6+ Bxd6 7. Qxd6 Qe7 8.
Qd1 d6 9. Nc3 Be6 10. Be3 Nf6 11. Be2 O-O 12. O-O Rfd8 13. Nd5 Bxd5 14. exd5
Nb8 15. c4 Nbd7 16. b4 b6 17. f3 h6 18. Qd2 Re8 19. Rae1 Nh7 20. Bd3 Rf8 21.
Bf5 Rfb8 22. Qf2 Ndf8 23. Bxb6 g6 24. Bd3 Qb7 25. c5 Nf6 26. Be4 N8d7 27. Ba5
dxc5 28. d6 Nxe4 29. fxe4 Rf8 30. bxc5 Qb5 31. Bb6 Rac8 32. Rb1 Qc6 33. Rfc1
Nxb6 34. Qb2 Nd7 35. Qb7 Qxb7 36. Rxb7 Rxc5 37. Rxc5 Nxc5 38. Re7 Ne6 39. Ra7
Nc5 40. Rc7 Nxe4 41. d7 Nf6 42. Kf2 Kg7 43. Ra7 Rd8 44. Rxa6 Rxd7 45. h3 Rd6
46. Ra7 Rd2+ 47. Kf1 e4 48. a4 Ra2 49. a5 Nd5 50. a6 e3 51. Rd7 Nc3 52. Re7
Ra1# 0-1

[Event "Moscow Chmp. b15 2016"]
[Site "ÐœÐ¾Ñ�ÐºÐ²Ð°"]
[Date "2016.11.19"]
[Round "8.20"]
[White "Orlov, Aleksandr"]
[Black "Tsymbal, Evgeny"]
[Result "1/2-1/2"]
[WhiteElo "1449"]
[BlackElo "1626"]
[PlyCount "87"]
[EventDate "2016.11.12"]

1. d4 d5 2. Nf3 Nf6 3. c4 c6 4. e3 Bf5 5. Nc3 e6 6. Qb3 Qb6 7. c5 Qc7 8. Qd1
Nbd7 9. h3 h6 10. Bd3 Bxd3 11. Qxd3 Rd8 12. b4 e5 13. Qc2 exd4 14. exd4 Be7 15.
Be3 O-O 16. O-O Rfe8 17. Rfe1 Bf8 18. Re2 Ne4 19. Nxe4 dxe4 20. Nd2 Nf6 21.
Rae1 Re6 22. Nc4 Nd5 23. Bd2 f5 24. Qb3 Be7 25. Ne3 g6 26. g3 Kh7 27. Ng2 Bf6
28. Bf4 Qg7 29. Be5 Bxe5 30. dxe5 Qxe5 31. Rd2 Rde8 32. Rde2 R6e7 33. a3 g5 34.
Ne3 Kg6 35. Nc4 Qf6 36. Nd6 Rd8 37. g4 fxg4 38. Nxe4 Qf3 39. Qc2 Qf5 40. hxg4
Qxg4+ 41. Ng3+ Kf6 42. Rxe7 Nxe7 43. Qe4 Qxe4 44. Nxe4+ 1/2-1/2

[Event "Moscow Chmp. b15 2016"]
[Site "ÐœÐ¾Ñ�ÐºÐ²Ð°"]
[Date "2016.11.19"]
[Round "8.21"]
[White "Maksimenko, Arseniy"]
[Black "Ajrapetov, Andrey"]
[Result "1-0"]
[WhiteElo "1603"]
[BlackElo "1499"]
[PlyCount "81"]
[EventDate "2016.11.12"]

1. d4 Nf6 2. c4 c5 3. d5 b5 4. cxb5 a6 5. bxa6 Qb6 6. Nc3 d6 7. e4 Nbd7 8. Qc2
g6 9. Nf3 Bg7 10. Be2 O-O 11. O-O Ne8 12. Be3 Rb8 13. Rab1 Nc7 14. Nd2 Nb5 15.
Nc4 Qc7 16. Qd2 Ne5 17. Bh6 Nd4 18. Bxg7 Kxg7 19. Nxe5 dxe5 20. Rfc1 Qa5 21. h3
Bd7 22. Bg4 f5 23. exf5 gxf5 24. Qg5+ Kh8 25. Qxe7 fxg4 26. Qxd7 gxh3 27. Qxh3
Rb7 28. Re1 Rg7 29. Re3 Qb6 30. Ne4 Qg6 31. Rc1 Rf4 32. Ng3 Qg5 33. Rxc5 Rxf2
34. Rc8+ Rg8 35. Kxf2 Qf4+ 36. Rf3 Nxf3 37. gxf3 Qd4+ 38. Kg2 Qxb2+ 39. Kh1 Qd2
40. Qg2 Qh6+ 41. Nh5 {íå ïîíÿòíî} 1-0